MARC

LEADER 00000nas a2200000 a 4500
001 ssj0002537
003 WaSeSS
005 20200512172242.0
006 m d
007 cr n
008 000314c19789999hiuqr p s 0 a0eng c
010 |a  00214384  
022 |a 1529-1456  |l 0162-4962  |y 0162-4962 
035 |a (WaSeSS)ssj0002537 
037 |b University of Hawaii Press, 2840 Kolowalu Street, Honolulu, HI 96822 
040 |a NSD  |b eng  |c NSD  |d RBN  |d GUA  |d NSD  |d OCLCQ  |d OCL  |d OCLCS  |d OCLCQ  |d LGG  |d OCLCQ  |d OCLCF  |d EYM  |d VT2  |d OCLCQ  |d WT2  |d GILDS  |d OCLCO  |d OCLCQ  |d WYU  |d OCLCQ  |d OCLCO  |d WaSeSS 
042 |a pcc  |a nsdp 
050 1 4 |a CT100  |b .B54 
082 0 0 |a 920 
130 0 |a Biography (Honolulu, Hawaii : Online) 
210 0 |a Biography  |b (Honolulu, Online) 
222 0 |a Biography  |b (Honolulu. Online) 
245 1 0 |a Biography  |h [electronic resource]. 
260 |a Honolulu, Hawaii :  |b University Press of Hawaii for the Biographical Research Center,  |c ©1978- 
310 |a Quarterly 
362 1 |a Began with v. 1, no. 1 (winter 1978). 
506 |a License restrictions may limit access. 
538 |a Mode of access: World Wide Web. 
588 0 |a Vol. 1, no. 1 (winter 1978); title from PDF cover (JSTOR, viewed Apr. 25, 2014). 
588 1 |a Vol. 33, no. 4 (fall 2010) (JSTOR, viewed Apr. 25, 2014). 
650 0 |a Biography  |v Periodicals. 
650 0 |a Biography as a literary form  |v Periodicals. 
650 7 |a Biography.  |2 fast  |0 (OCoLC)fst00832149 
650 7 |a Biography as a literary form.  |2 fast  |0 (OCoLC)fst00832172 
655 0 |a Electronic journals. 
710 2 |a University of Hawaii at Manoa.  |b Biographical Research Center. 
776 0 8 |i Print version:  |t Biography  |x 0162-4962  |w (DLC) 78645153  |w (OCoLC)4092559 
856 4 0 |z Full text available from Research Library: 01/01/1996 to 1 year ago  |u https://search.proquest.com/publication/38133